Las estructuras elementales del parentesco
Tallennettuna:
| Päätekijä: | |
|---|---|
| Aineistotyyppi: | Kirja |
| Kieli: | espanja |
| Julkaistu: |
Buenos Aires
Paidós
1969
|
| Painos: | 1a. ed |
| Sarja: | Biblioteca de Psicología Social y Sociología, 44
|
| Aiheet: | |
| Tagit: |
Lisää tagi
Ei tageja, Lisää ensimmäinen tagi!
|
MARC
| LEADER | 00000cam a2200000 a 4500 | ||
|---|---|---|---|
| 001 | UCR3459 | ||
| 003 | CL-VaPUC | ||
| 008 | 980124e19690000AG |||||||||||||||||spa|d | ||
| 020 | |a 8475091008 | ||
| 082 | 0 | 4 | |a 392.5 |b LEV |2 21 |
| 100 | |a Lévi-Strauss, Claude |e author |9 265689 | ||
| 245 | 1 | 4 | |a Las estructuras elementales del parentesco |
| 250 | |a 1a. ed | ||
| 300 | |a 575 p | ||
| 942 | |c BK | ||
| 945 | |d 19980124 00:00:00 |a aolguin | ||
| 260 | |a Buenos Aires |b Paidós |c 1969 | ||
| 650 | 7 | |a MATRIMONIO |2 CL-VaPUC |9 402358 | |
| 650 | 0 | |a Costumbres y tradiciones |9 268292 | |
| 650 | 0 | |a Parentesco |9 329859 | |
| 650 | 0 | |a Ciencias sociales |v Investigación |9 307767 | |
| 650 | 0 | |a Etnología |9 258726 | |
| 651 | 0 | |a Australia |9 262077 | |
| 651 | 0 | |a China |9 257545 | |
| 651 | 0 | |a India |9 267804 | |
| 583 | |a last modification |c 20151026 09:47:31 |k Rodrigo Vera | ||
| 490 | 0 | |a Biblioteca de Psicología Social y Sociología, 44 | |
| 999 | |c 266529 |d 266527 | ||
| 952 | |0 0 |1 0 |4 0 |6 392_500000000000000_LEV_1969 |7 0 |8 R |9 298226 |a BIBENE |b BIBENE |d 2019-11-20 |i 1937987 |o 392.5 LEV 1969 |p 1937987 |r 2025-01-15 |w 2019-11-20 |y BK_R |k ICO | ||
| 952 | |0 0 |1 0 |3 erb |4 0 |6 392_500000000000000_LEV_1969 |7 0 |8 A |9 298227 |a BIBEDU |b BIBEDU |i 5245060 |o 392.5 LEV 1969 |p 5245060 |r 2019-11-20 |w 2019-11-20 |y BK |z Catalogado en:20151029 |k LIT | ||